000 00436nam a2200157Ia 4500
003 GCL
008 140319s9999 xx 000 0 ara d
040 _aGCL /
_cGCL
082 0 4 _a664
_bم هـ
100 1 _aمصطفى كمال مصطفى
245 1 0 _aهندسة تصنيع الاغذية /
_cمصطفى كمال مصطفى
490 _a
650 0 4 _aالاغذية
650 0 4 _aالاغذية الصناعية
942 _2ddc
_cBK
999 _c37729
_d37729